01415nam a2200349Ia 4500001001200000003000800012006001900020007001500039008004100054040002100095035002100116050002400137100001600161245014100177260008000318300001800398490003400416500001800450504005300468533015200521650002000673650001900693650003100712650003600743650003600779655002900815700002400844710001700868830003500885856012600920999001901046ebr10380799CaPaEBRm u cr cn|||||||||060601s2006 dcua sb i000 0 eng d aCaPaEBRcCaPaEBR a(OCoLC)69414107114aHG4523b.C33 2006eb1 aCady, John.10aSovereign borrowing cost and the IMF's data standards initiativesh[electronic resource] /cprepared by John Cady and Anthony Pellechio. a[Washington, D.C.] :bInternational Monetary Fund, Statistics Dept.,c2006. a24 p. :bill.1 aIMF working paper ;vWP/06/78 a"March 2006." aIncludes bibliographical references: (p. 23-24). aElectronic reproduction.bPalo Alto, Calif. :cebrary,d2011.nAvailable via World Wide Web.nAccess may be limited to ebrary affiliated libraries. 0aCapital market. 0aDebts, Public. 0aDisclosure of information. 0aEconomic indicatorsxStandards. 0aFinancevStatisticsxStandards. 7aElectronic books.2local1 aPellechio, Anthony.2 aebrary, Inc. 0aIMF working paper ;vWP/06/78.40uhttp://site.ebrary.com/lib/rucke/Doc?id=10380799zAn electronic book accessible through the World Wide Web; click to view c102796d102796